| 000 | 03004cam a2200313 4500500 | ||
|---|---|---|---|
| 005 | 20260208005232.0 | ||
| 041 | _afre | ||
| 042 | _adc | ||
| 100 | 1 | 0 |
_aTraversier, Mélanie _eauthor |
| 245 | 0 | 0 | _aDe l'érudition à l'expertise : Saverio Mattei (1742-1795), « Socrate imaginaire » dans la Naples des Lumières |
| 260 | _c2007. | ||
| 500 | _a57 | ||
| 520 | _aRÉSUMÉ Dans la Naples des Lumières, la carrière administrative au sein du gouvernement bourbonien du poète et avocat Saverio Mattei témoigne de l’importance de la culture juridique et bureaucratique comme puissant facteur de notabilité intellectuelle et de reconnaissance sociale. Les scandales et les querelles dans lesquels Mattei est impliqué avec ses grands rivaux, Ferdinando Galiani et Luigi Serio, soulignent le dynamisme culturel de la capitale méridionale mais aussi la conflictualité inhérente à la structuration et à la hiérarchisation des milieux intellectuels. Cette concurrence est d’autant plus vive à Naples que le pouvoir monarchique n’est pas parvenu à agréger autour d’un projet commun ou d’une institution commune l’ensemble des letterati napoletani. Dans ce contexte, le positionnement ambigu des savants et des hommes de lettres par rapport au pouvoir politique laisse émerger un processus de professionnalisation du métier d’expert culturel à la fin du XVIIIe siècle, dont témoignent les essais musicologiques de Saverio Mattei et son projet de bibliothèque musicale. | ||
| 520 | _aABSTRACT At Naples, in the Age of Enlightenment, the career of the poet and barrister Saverio Mattei inside the borbonian administration testifies to the signification of the legal and bureaucratic culture as important factor for intellectual notability and social admission. The scandals and the quarrels in which Saverio Mattei is implicated with his rivals, Ferdinando Galiani and Luigi Serio, emphasize the cultural dynamism of southern capital-city but also the conflictuality necessary for the graduation of the intellectual environment. This competition is all the more so brutal that the royal power failed to gather all the letterati napoletani in a collective plan or a collective institution. The ambiguous stand of the men of letters with the political power favours the professionalization process of cultural expertise. The essays of musical theory written by Saverio Mattei and his project of a musical library take part of this movement at the end of the XVIIIth century. | ||
| 690 | _aaffaire | ||
| 690 | _aérudition | ||
| 690 | _amusique | ||
| 690 | _aNaples | ||
| 690 | _aSaverio Mattei | ||
| 690 | _aXVIIIe siècle | ||
| 690 | _aAffair | ||
| 690 | _aErudition | ||
| 690 | _aMusic | ||
| 690 | _aNaples | ||
| 690 | _aSaverio Mattei | ||
| 690 | _aXVIIIth century | ||
| 786 | 0 | _nRevue historique | 641 | 1 | 2007-03-01 | p. 91-136 | 0035-3264 | |
| 856 | 4 | 1 | _uhttps://shs.cairn.info/revue-historique-2007-1-page-91?lang=fr&redirect-ssocas=7080 |
| 999 |
_c1651198 _d1651198 |
||